| 000 | 00667nam a22002297a 4500 | ||
|---|---|---|---|
| 003 | 0 | ||
| 005 | 20250311122147.0 | ||
| 008 | 250311b xxu||||| |||| 00| 0 eng d | ||
| 020 | _a978-1-266-91931-2 | ||
| 050 |
_aHF 5657.4 _bB47 2025 |
||
| 100 | _aBrewer, Peter C. | ||
| 245 |
_aIntroduction to managerial accounting _cPeter C. Brewer and three others |
||
| 260 |
_aNew York City _bMcGraw Hill _c2025 |
||
| 300 |
_axxx, 727 pages ; _c27cm. |
||
| 500 | _a2024 release. | ||
| 504 | _aIncludes index. | ||
| 650 | _aManagerial accounting. | ||
| 700 | _aGarrison, Ray H. | ||
| 700 | _aNoreen, Eric W. | ||
| 700 | _aMontague, Norma R. | ||
| 942 |
_2lcc _cBK |
||
| 999 |
_c367281 _d367281 |
||